| 000 | 00493nam a22001937a 4500 | ||
|---|---|---|---|
| 005 | 20260317082934.0 | ||
| 008 | 260317b |||||||| |||| 00| 0 eng d | ||
| 020 | _a9788184000580 | ||
| 040 |
_aIN-DiNC _cIN-DiNC |
||
| 041 | _deng | ||
| 082 |
_a823.954 _bDES |
||
| 100 |
_aDesai, Anita _eauthor |
||
| 245 |
_aFasting, feasting/ _cby Anita Desai |
||
| 250 | _a7th imp. | ||
| 260 |
_aNoida: _bRandom house, _c2014. |
||
| 300 | _a234p. | ||
| 650 | _aIndian novel in English | ||
| 942 |
_2ddc _cBK |
||
| 999 |
_c12335 _d12335 |
||